| 000 | 00399 a2200145 4500 | ||
|---|---|---|---|
| 245 |
_aAzanian Love Song _hprint |
||
| 020 | _a0620066288 (pbk.) | ||
| 700 | _aMattera, Don | ||
| 650 | _aENGLISH LITERATURE | ||
| 005 | 20191017172251.0 | ||
| 260 |
_asa _bSkotaville Publishers _cc1983 |
||
| 084 | _aMLCS 85/9355 (P) | ||
| 300 |
_a115 p. _b 18 cm. _c115 p. ; 18 cm. |
||
| 500 | _aDon Mattera. | ||
| 490 | _aSkotaville series ; no. 1 | ||
| 999 |
_c8660 _d8660 |
||